Lady Gaga Charting Songs (Pop Airplay) - Statistics

General Stats
  • This quiz has been taken 11 times
  • The average score is 20 of 27
Answer Stats
Album Feature(s) Peak Song % Correct
Born This Way None #1 (1 Week) Born This Way
100%
The Fame Monster Beyoncé #1 (4 Weeks) Telephone
100%
Mayhem None #6 Abracadabra
91%
The Fame Monster None #1 (3 Weeks) Bad Romance
91%
The Fame Colby O’Donis #1 (2 Weeks) Just Dance
91%
The Fame Monster None #4 Alejandro
82%
ARTPOP None #4 Applause
82%
Mayhem Bruno Mars #1 (4 Weeks) Die With a Smile
82%
Mayhem None #17 Disease
82%
Born This Way None #15 Judas
82%
The Fame None #1 (2 Weeks) LoveGame
82%
The Fame None #1 (2 Weeks) Paparazzi
82%
The Fame None #1 (5 Weeks) Poker Face
82%
Chromatica Ariana Grande #10 Rain on Me
82%
Born This Way None #14 Marry the Night
73%
Joanne None #17 Million Reasons
73%
A Star Is Born Soundtrack Bradley Cooper #19 Shallow
73%
Mayhem None #11 The Dead Dance
73%
Born This Way None #3 The Edge of Glory
73%
Chromatica None #11 Stupid Love
64%
Born This Way None #10 Bloody Mary
55%
ARTPOP R. Kelly or Christina Aguilera #7 Do What U Want
55%
ARTPOP None #29 G.U.Y.
55%
Joanne None #22 Perfect Illusion
55%
Non-Album Single None #20 The Cure
55%
Top Gun: Maverick Soundtrack None #19 Hold My Hand
45%
Born This Way None #7 You & I
45%
No matching quizzes found
Score Distribution
Percent of People with Each Score
Percentile by Number Answered
Your Score History
You have not taken this quiz